Normal view MARC view

Entry Topical Term

Number of records used in: 1

001 - CONTROL NUMBER

  • control field: 56407

003 - CONTROL NUMBER IDENTIFIER

  • control field: OSt

005 - DATE AND TIME OF LATEST TRANSACTION

  • control field: 20250826145327.0

008 - FIXED-LENGTH DATA ELEMENTS

  • fixed length control field: 250826|| aca||aabn | a|a d

040 ## - CATALOGING SOURCE

  • Original cataloging agency: OSt
  • Transcribing agency: OSt

150 ## - HEADING--TOPICAL TERM

  • Topical term or geographic name entry element: Global urbanization, Sustainable development, Neighbourhood planning, Affordable housing, Infrastructure challenges, Land and water scarcity, Systematic literature review, SCOPUS database, VOSviewer analysis, Urban growth, Local-level planning, Urban sustainability, Planning interventions, Stakeholder engagement, Urban resilience, Smart growth, Resource constraints, Urban population trends, 2030 projections, Built environment

670 ## - SOURCE DATA FOUND

  • Source citation: Work cat.: (OSt)527155: Kadam, Bageshree Yeolekar and Chandiramani, Jyoti 56406, Analysing the potential of neighbourhoods in sustainable development: A systematic review of interventions

Powered by Koha